من الادب الروسي المعاصر : (رقم التسجيلة. 180415)
[ عرض عادي ]
| 000 -LEADER | |
|---|---|
| fixed length control field | 01519namaa2200373 i 4500 |
| 003 - CONTROL NUMBER IDENTIFIER | |
| control field | EG-GICUC |
| 005 - DATE AND TIME OF LATEST TRANSACTION | |
| control field | 20260608115247.0 |
| 008 - FIXED-LENGTH DATA ELEMENTS--GENERAL INFORMATION | |
| fixed length control field | 260608s2006 ua ||||jr|||| 000 f eng d |
| 017 ## - COPYRIGHT OR LEGAL DEPOSIT NUMBER | |
| Copyright or legal deposit number | 2006 / 20919 |
| Assigning agency | دار الكتب والوثائق القومية (مصر) |
| 020 ## - INTERNATIONAL STANDARD BOOK NUMBER | |
| International Standard Book Number | 974370708 |
| 040 ## - CATALOGING SOURCE | |
| Original cataloging agency | EG-GiCUC |
| Language of cataloging | ara |
| Transcribing agency | EG-GiCUC |
| Modifying agency | EG-GiCUC |
| Description conventions | rda |
| 041 ## - LANGUAGE CODE | |
| Language code of text/sound track or separate title | ara |
| Language code of original | rus |
| 043 ## - GEOGRAPHIC AREA CODE | |
| Geographic area code | f-ua--- |
| 082 04 - DEWEY DECIMAL CLASSIFICATION NUMBER | |
| Edition number | 21 |
| Classification number | 891.733 |
| Item number | V694 |
| 092 04 - LOCALLY ASSIGNED DEWEY CALL NUMBER (OCLC) | |
| Edition number | 21 |
| Classification number | 891.733 |
| Item number | V694 |
| 099 ## - LOCAL FREE-TEXT CALL NUMBER (OCLC) | |
| Classification number | 891.733 V694 |
| 100 1# - MAIN ENTRY--PERSONAL NAME | |
| Personal name | فيكو، ناتاليا |
| Relator term | مؤلف. |
| 245 ## - TITLE STATEMENT | |
| Title | من الادب الروسي المعاصر : |
| Remainder of title | موزاييك الحب والموت / |
| Statement of responsibility, etc. | تأليف ناتاليا فيكو ؛ ترجمة على فهمى عبد السلام ؛ تحرير وتقديم نهاد إبراهيم |
| 250 ## - EDITION STATEMENT | |
| Edition statement | الطبعة الاولى |
| 264 ## - PRODUCTION, PUBLICATION, DISTRIBUTION, MANUFACTURE, AND COPYRIGHT NOTICE | |
| Place of production, publication, distribution, manufacture | القاهرة (مصر) : |
| Name of producer, publisher, distributor, manufacturer | المجلس الاعلى للثقافة، |
| Date of production, publication, distribution, manufacture, or copyright notice | 2006. |
| 300 ## - PHYSICAL DESCRIPTION | |
| Extent | 198 صفحة |
| Other physical details | ؛ |
| Dimensions | 20 سم |
| 336 ## - CONTENT TYPE | |
| Source | rdacontent |
| Content type term | text |
| 337 ## - MEDIA TYPE | |
| Source | rdamedia |
| Media type term | Unmediated |
| 338 ## - CARRIER TYPE | |
| Source | rdacarrier |
| Carrier type term | volume |
| 490 ## - SERIES STATEMENT | |
| Series statement | المشروع القومى للترجمة ؛ |
| Volume/sequential designation | 1046 |
| 541 ## - IMMEDIATE SOURCE OF ACQUISITION NOTE | |
| Source of acquisition | وزارة الثقافة ؛ |
| Address | القاهرة ؛ |
| Method of acquisition | إهداء ؛ |
| Date of acquisition | 2023. |
| 650 17 - SUBJECT ADDED ENTRY--TOPICAL TERM | |
| Topical term or geographic name entry element | الادب الروسي |
| Chronological subdivision | 1800-1917 |
| Source of heading or term | qrmak |
| 650 17 - SUBJECT ADDED ENTRY--TOPICAL TERM | |
| Topical term or geographic name entry element | القصص الروسية |
| Chronological subdivision | 1800-1917 |
| Source of heading or term | qrmak |
| 651 1# - SUBJECT ADDED ENTRY--GEOGRAPHIC NAME | |
| Source of heading or term | qrmak |
| 700 1# - ADDED ENTRY--PERSONAL NAME | |
| Personal name | عبد السلام، على فهمى |
| Relator term | مترجم. |
| 700 1# - ADDED ENTRY--PERSONAL NAME | |
| Personal name | ابراهيم، نهاد |
| Relator term | محرر. |
| 905 ## - Cataloger and Reviser Names | |
| Cataloger Name | Nermeen_El Mawardy |
| 942 ## - ADDED ENTRY ELEMENTS (KOHA) | |
| Source of classification or shelving scheme | Dewey Decimal Classification |
| Koha item type | Books |
| Edition | 21 |
| Suppress in OPAC | No |
| Withdrawn status | Lost status | Source of classification or shelving scheme | Damaged status | Not for loan | Home library | Current library | Date acquired | Inventory number | Total checkouts | Full call number | Barcode | Date last seen | Copy number | Price effective from | Koha item type |
|---|---|---|---|---|---|---|---|---|---|---|---|---|---|---|---|
| Dewey Decimal Classification | Not for loan | المكتبة المركزبة الجديدة - جامعة القاهرة | قاعة الانسانيات - الدور الثاني | 08.06.2026 | 167955 | 891.733 V694 c.1 | 01000100167955000 | 08.06.2026 | C.1 | 08.06.2026 | Books | ||||
| Dewey Decimal Classification | Not for loan | المكتبة المركزبة الجديدة - جامعة القاهرة | قاعة الانسانيات - الدور الثاني | 08.06.2026 | 167956 | 891.733 V694 c.2 | 01000100167956000 | 08.06.2026 | C.2 | 08.06.2026 | Books | ||||
| Dewey Decimal Classification | المكتبة المركزبة الجديدة - جامعة القاهرة | مخزن الكتب - البدروم | 08.06.2026 | 167957 | 891.733 V694 c.3 Store | 01000100167957000 | 08.06.2026 | c.3 | 08.06.2026 | Books |